| 000 | 00000nam 2200000za 4500 |
| 001 | 9.842849 |
| 003 | CaOODSP |
| 005 | 20221107152417 |
| 007 | cr ||||||||||| |
| 008 | 170831s2017 oncab #o f000 0 fre d |
| 020 | |a978-0-660-09469-4 |
| 040 | |aCaOODSP|bfre |
| 043 | |an-cn--- |
| 086 | 1 |aFA1-26/2017-1-5F-PDF |
| 110 | 1 |aCanada. |bBureau du vérificateur général. |
| 245 | 10|aRapport annuel et rétrospective sur les pétitions en matière d’environnement |h[ressource électronique]. |
| 246 | 17|aRapports de la commissaire à l’environnement et au développement durable au Parlement du Canada - automne 2017 : |brapport 5 |
| 260 | |a[Ottawa] : |bBureau du vérificateur général du Canada, |cc2017. |
| 300 | |aiii, 17 p. : |bill., carte |
| 490 | 1 |aRapports de la commissaire à l'environnement et au développement durable au Parlement du Canada, |x2561-1828 ; |vAutomne 2017, rapport 5 |
| 500 | |aPubl. aussi en anglais sous le titre : Environmental petitions annual report and retrospective. |
| 520 | |a« Le présent rapport se divise en deux parties. La première partieest consacrée aux pétitions qui ont été présentées aux commissaires àl’environnement et au développement durable depuis 2007. Elle présentenotamment les résultats des sondages menés en 2017 auprès despétitionnaires et des ministères et organismes fédéraux. La deuxième partie constitue le rapport annuel de la commissairesur les pétitions. La Loi sur le vérificateur général exige la présentationd’un rapport annuel pour informer le Parlement et la populationcanadienne des pétitions présentées au cours de la dernière année,soit la période de 12 mois entre le 1er juillet 2016 et le 30 juin 2017. » -- Objet du rapport, p. 3. |
| 530 | |aÉgalement publié en version imprimée. |
| 692 | 07|2gccst|aGouvernement fédéral |
| 692 | 07|2gccst|aGestion de l'environnement |
| 692 | 07|2gccst|aRapport |
| 710 | 1 |aCanada. |bCommissaire à l'environnement et au développement durable. |
| 775 | 08|tEnvironmental petitions annual report and retrospective |w(CaOODSP)9.842811 |
| 776 | 0#|tRapport annuel et rétrospective sur les pétitions en matière d’environnement |w(CaOODSP)9.842903 |
| 830 | #0|aRapports de la commissaire à l'environnement et au développement durable au Parlement du Canada,|x2561-1828 ; |vAutomne 2017, rapport 5.|w(CaOODSP)9.842752 |
| 856 | 40|qPDF|s893 Ko|uhttps://publications.gc.ca/collections/collection_2017/bvg-oag/FA1-26-2017-1-5-fra.pdf |